Secretarissen-Generaal van de VN - Statistieken

Algemene statistieken
  • Deze quiz is 40 keer genomen
  • De gemiddelde score is 8 van 18
Antwoordstatistieken
Antwoord % Correct
Ban Ki-moon
68%
Kofi Annan
64%
Boutros Boutros-Ghali
50%
Portugal
50%
Zuid-Korea
50%
Zweden
50%
António Guterres
46%
Ghana
46%
Kurt Waldheim
46%
Egypte
43%
Oostenrijk
43%
Dag Hammarskjöld
39%
U Thant
36%
Javier Pérez de Cuellar
32%
Noorwegen
32%
Trygve Lie
32%
Peru
29%
Myanmar
25%
Geen overeenkomende quizzen gevonden
Scoreverdeling
Procent van Mensen met Elke Score
Percentiel versus Aantal Correcte Antwoorden
Uw Scoregeschiedenis
U heeft deze quiz nog niet genomen